ਲੋਰੀ (Record no. 384967)

MARC details
000 -LEADER
fixed length control field 00482nam a2200181Ia 4500
003 - CONTROL NUMBER IDENTIFIER
control field OSt
005 - DATE AND TIME OF LATEST TRANSACTION
control field 20251208123018.0
008 - FIXED-LENGTH DATA ELEMENTS--GENERAL INFORMATION
fixed length control field Pun
037 ## - SOURCE OF ACQUISITION
Terms of availability TB
040 ## - CATALOGING SOURCE
Original cataloging agency ARTS
Transcribing agency ARTS
Language of cataloging Pun
041 ## - LANGUAGE CODE
Source of code Pun
Language code of text/sound track or separate title Pun
100 ## - MAIN ENTRY--PERSONAL NAME
Personal name ਸੁਖਬੀਰ
9 (RLIN) 855189
245 #0 - TITLE STATEMENT
Title ਲੋਰੀ
260 ## - PUBLICATION, DISTRIBUTION, ETC.
Date of publication, distribution, etc. 1955
650 ## - SUBJECT ADDED ENTRY--TOPICAL TERM
Topical term or geographic name entry element ਪੰਜਾਬੀ ਸਾਹਿਤ
9 (RLIN) 855190
942 ## - ADDED ENTRY ELEMENTS (KOHA)
Classification part O153,3N332x M8
Koha item type Textbook
Source of classification or shelving scheme Colon Classification (CC)
Suppress in OPAC No
Holdings
Withdrawn status Lost status Damaged status Not for loan Home library Current library Date acquired Total Checkouts Full call number Barcode Date last seen Price effective from Koha item type Source of classification or shelving scheme
        Arts Library Arts Library 2022-09-23   O153,3N332x M8 AL1069631 2022-09-23 2022-09-23 Textual  
        Arts Library Arts Library 2025-12-08   O153,3N332x M8 AL1069630 2025-12-08 2025-12-08 Textbook Colon Classification (CC)
Copyright @ Delhi University Library System